| 000 | 00373cam a2200145ua 4500 | ||
|---|---|---|---|
| 041 |
_aeng _h |
||
| 082 |
_a375 _b |
||
| 100 | _aMinistry of community devt, . | ||
| 245 | 0 | 0 | _aSyllabus for the job and refresher training |
| 260 |
_a : _bMinistry of community development and co-operation , _c1961. |
||
| 300 | _a27 ; . | ||
| 504 | _a | ||
| 942 | _cBK | ||
| 999 |
_c5747 _d5747 |
||